[Event "NED-chT 1112"]
[Site "Netherlands"]
[Date "2012.04.22"]
[Round "9.7"]
[White "Houtman, Joop"]
[Black "Braun, Christian1111"]
[Result "0-1"]
[WhiteElo "2212"]
[BlackElo "2392"]
[PlyCount "78"]
[EventDate "2011.09.17"]
[EventType "team-tourn"]
[EventRounds "9"]
[EventCountry "NED"]
[SourceTitle "EXT 2013"]
[Source "ChessBase"]
[SourceDate "2012.11.22"]
[SourceVersion "1"]
[SourceVersionDate "2012.11.22"]
[SourceQuality "1"]
[WhiteTeam "Groningen"]
[BlackTeam "Voerendaal"]
[WhiteTeamCountry "NED"]
[BlackTeamCountry "NED"]

1. e4 e6 2. d4 d5 3. Nd2 Be7 4. Ngf3 Nf6 5. Bd3 c5 6. exd5 Qxd5 7. Bc4 Qd6 8. dxc5 Qxc5 9. Qe2 Nbd7 10. Nb3 Qc7 11. Bg5 a6 12. 0-0 b5 13. Bd3 Bb7 14. Rac1 Ng4 15. g3 Bxg5 16. Nxg5 Nge5 17. Be4 h6 18. Nf3 Nxf3+ 19. Bxf3 Bxf3 20. Qxf3 0-0 21. c3 Nb6 22. Nd4 Rac8 23. Rcd1 Nc4 24. Qe2 Qe5 25. Qxe5 Nxe5 26. Rfe1 Nc4 27. Re2 Rfd8 28. f4 Rd5 29. Rc1 Nxb2 30. Rxb2 Rxd4 31. cxd4 Rxc1+ 32. Kf2 Rc4 33. Ke3 Kf8 34. Rd2 Rc3+ 35. Ke4 f5+ 36. Ke5 Ke7 37. d5 Rc5 38. a3 a5 39. h3 h5 0-1

[Event "NED-chT 1112"]
[Site "Netherlands"]
[Date "2012.02.11"]
[Round "6.10"]
[White "Houtman, Joop"]
[Black "Van de Griendt, Jan Willem"]
[Result "1/2-1/2"]
[WhiteElo "2212"]
[BlackElo "2330"]
[PlyCount "88"]
[EventDate "2011.09.17"]
[EventType "team-tourn"]
[EventRounds "9"]
[EventCountry "NED"]
[SourceTitle "EXT 2013"]
[Source "ChessBase"]
[SourceDate "2012.11.22"]
[SourceVersion "1"]
[SourceVersionDate "2012.11.22"]
[SourceQuality "1"]
[WhiteTeam "Groningen"]
[BlackTeam "Rotterdam"]
[WhiteTeamCountry "NED"]
[BlackTeamCountry "NED"]

1. e4 e6 2. d4 d5 3. Nd2 Be7 4. Ngf3 Nf6 5. Bd3 c5 6. exd5 Qxd5 7. Bc4 Qh5 8. dxc5 Nbd7 9. c6 bxc6 10. 0-0 0-0 11. Qe2 Bb7 12. Ne4 Nxe4 13. Qxe4 Nf6 14. Qe5 Qg4 15. Qf4 c5 16. Qxg4 Nxg4 17. Be2 Rfd8 18. h3 Nf6 19. Bd2 Be4 20. Ba5 Rdb8 21. b3 Bxc2 22. Nd2 Nd5 23. Rac1 Bg6 24. Nc4 Bg5 25. Nd2 Nb4 26. f4 Bd8 27. Rxc5 Nd3 28. Bxd3 Bxd3 29. Rf3 Bb6 30. Bxb6 axb6 31. Rc3 Bg6 32. a4 b5 33. axb5 Rxb5 34. Nc4 h6 35. g4 Ra1+ 36. Kf2 Be4 37. Rfe3 Bd5 38. f5 Rc5 39. Nb6 Ra2+ 40. Kg3 Rg2+ 41. Kf4 Rf2+ 42. Kg3 Rg2+ 43. Kf4 Rf2+ 44. Kg3 Rg2+ 1/2-1/2

[Event "NED-chT 1112"]
[Site "Netherlands"]
[Date "2011.09.17"]
[Round "1.7"]
[White "De Groote, Ewoud"]
[Black "Houtman, Joop"]
[Result "1-0"]
[WhiteElo "2297"]
[BlackElo "2212"]
[PlyCount "51"]
[EventDate "2011.09.17"]
[EventType "team-tourn"]
[EventRounds "9"]
[EventCountry "NED"]
[SourceTitle "CBM 144 Extra"]
[Source "ChessBase"]
[SourceDate "2011.10.28"]
[SourceVersion "1"]
[SourceVersionDate "2011.10.28"]
[SourceQuality "1"]
[WhiteTeam "BSG"]
[BlackTeam "Groningen"]
[WhiteTeamCountry "NED"]
[BlackTeamCountry "NED"]

1. e4 e5 2. Nf3 Nc6 3. Bb5 a6 4. Ba4 Nf6 5. Qe2 b5 6. Bb3 Be7 7. c3 d6 8. 0-0 Na5 9. Bc2 c5 10. Rd1 Qc7 11. d3 0-0 12. Nbd2 Nc6 13. Nf1 Re8 14. Ne3 Bf8 15. h3 g6 16. Nh2 Bg7 17. Nhg4 Be6 18. Qf3 Nxg4 19. hxg4 Qd8 20. g3 Qf6 21. Qe2 Rad8 22. Bb3 Ne7 23. g5 Qxg5 24. Bxe6 fxe6 25. Nd5 Qh5 26. Qxh5 1-0

[Event "NED-chT 1011"]
[Site "Netherlands"]
[Date "2010.10.09"]
[Round "2.6"]
[White "Houtman, Joop"]
[Black "Bosman, Michiel"]
[Result "1/2-1/2"]
[WhiteElo "2206"]
[BlackElo "2330"]
[PlyCount "40"]
[EventDate "2010.09.25"]
[EventType "team"]
[EventRounds "9"]
[EventCountry "NED"]
[SourceTitle "CBM 138 Extra"]
[Source "ChessBase"]
[SourceDate "2010.10.29"]
[SourceVersion "1"]
[SourceVersionDate "2010.10.29"]
[SourceQuality "1"]
[WhiteTeam "Groningen"]
[BlackTeam "Leiden LSG"]
[WhiteTeamCountry "NED"]
[BlackTeamCountry "NED"]

1. e4 e5 2. Nf3 Nc6 3. Bb5 Nf6 4. d3 Bc5 5. c3 0-0 6. 0-0 d6 7. h3 Bb6 8. Re1 Ne7 9. d4 c6 10. dxe5 dxe5 11. Qxd8 Rxd8 12. Bc4 Ng6 13. Nbd2 Bc7 14. a4 Nh5 15. Ng5 Rd7 16. Nf1 h6 17. Nf3 b6 18. Be3 Bb7 19. Red1 Rxd1 20. Rxd1 Rd8 1/2-1/2

[Event "Groningen Compact op-A"]
[Site "Groningen"]
[Date "2008.12.26"]
[Round "1"]
[White "Houtman, Joop"]
[Black "Schriemer, Oene"]
[Result "1-0"]
[WhiteElo "2209"]
[BlackElo "2023"]
[PlyCount "81"]
[EventDate "2008.12.26"]
[EventType "swiss"]
[EventRounds "5"]
[EventCountry "NED"]
[SourceTitle "CBM 127 Extra"]
[Source "ChessBase"]
[SourceDate "2009.01.08"]
[SourceVersion "2"]
[SourceVersionDate "2009.01.28"]
[SourceQuality "1"]

1. e4 c5 2. Nf3 Nc6 3. d4 cxd4 4. Nxd4 g6 5. c4 Nf6 6. Nc3 Bg7 7. Be3 Ng4 8. Qxg4 Nxd4 9. Qd1 Ne6 10. Be2 d6 11. 0-0 g5 12. Qd2 Qa5 13. Rfd1 b6 14. Rac1 Bb7 15. f3 h5 16. b3 h4 17. Nd5 Qxd2 18. Rxd2 Rc8 19. Rdc2 Nd4 20. Rd2 Nxe2+ 21. Rxe2 e6 22. Nb4 Bf6 23. Rd1 Be7 24. Nd3 g4 25. fxg4 Bxe4 26. Nf2 Bb7 27. Bf4 d5 28. cxd5 Bxd5 29. Ne4 Bb7 30. h3 0-0 31. Rd7 Ba6 32. Rf2 Bc5 33. Nxc5 Rxc5 34. Bh6 Bb5 35. Rxa7 Rd8 36. Rfxf7 Bd3 37. Rg7+ Kh8 38. Rge7 e5 39. Bg5 Be4 40. Bf6+ Kg8 41. Rg7+ 1-0

[Event "Groningen Atlantis-B"]
[Site "Groningen"]
[Date "2008.07.02"]
[Round "6"]
[White "Hoeksema, Hendrik Pieter"]
[Black "Houtman, Joop"]
[Result "0-1"]
[WhiteElo "2347"]
[BlackElo "2233"]
[PlyCount "52"]
[EventDate "2008.06.27"]
[EventType "tourn"]
[EventRounds "9"]
[EventCountry "NED"]
[SourceTitle "CBM 125 Extra"]
[Source "ChessBase"]
[SourceDate "2008.09.01"]
[SourceVersion "1"]
[SourceVersionDate "2008.09.01"]
[SourceQuality "1"]

1. d4 d5 2. c4 e6 3. Nc3 Nf6 4. Nf3 Be7 5. Bf4 0-0 6. e3 c5 7. dxc5 Bxc5 8. cxd5 Nxd5 9. Nxd5 exd5 10. a3 Nc6 11. Bd3 Bb6 12. 0-0 d4 13. e4 Bg4 14. h3 Qf6 15. hxg4 Qxf4 16. g5 f6 17. g3 Qg4 18. gxf6 Rxf6 19. Nh2 Qxd1 20. Raxd1 Ne5 21. f4 Nxd3 22. Rxd3 Rc8 23. Rf2 Rfc6 24. Nf3 Rc2 25. Rfd2 R8c3 26. Kg2 Rxb2 0-1

[Event "Groningen Atlantis-B"]
[Site "Groningen"]
[Date "2008.07.02"]
[Round "7"]
[White "Houtman, Joop"]
[Black "Vogel, Jaap"]
[Result "1/2-1/2"]
[WhiteElo "2233"]
[BlackElo "2254"]
[PlyCount "23"]
[EventDate "2008.06.27"]
[EventType "tourn"]
[EventRounds "9"]
[EventCountry "NED"]
[SourceTitle "CBM 125 Extra"]
[Source "ChessBase"]
[SourceDate "2008.09.01"]
[SourceVersion "1"]
[SourceVersionDate "2008.09.01"]
[SourceQuality "1"]

1. e4 e6 2. d4 d5 3. Nd2 Nf6 4. e5 Nfd7 5. c3 c5 6. Bd3 Nc6 7. Ne2 cxd4 8. cxd4 f6 9. exf6 Nxf6 10. Nf3 Bd6 11. 0-0 0-0 12. Bf4 1/2-1/2

[Event "IECG CS.2006.0.00002 email"]
[Site "IECG email"]
[Date "2006.09.20"]
[Round "1"]
[White "Hellbing, Bernd"]
[Black "Houtman, Joop"]
[Result "1-0"]
[WhiteElo "2409"]
[BlackElo "2372"]
[PlyCount "87"]
[EventDate "2006.09.20"]
[EventType "tourn (corr)"]
[EventRounds "6"]
[SourceTitle "Corr 2024"]
[Source "ChessBase"]
[SourceDate "2023.10.19"]
[SourceVersion "1"]
[SourceVersionDate "2023.10.19"]
[SourceQuality "1"]

1. c4 Nf6 2. Nc3 e6 3. e4 d5 4. cxd5 exd5 5. e5 Ne4 6. d4 Bb4 7. Qa4+ Nc6 8. Bb5 Bd7 9. Nge2 Nxc3 10. bxc3 Be7 11. 0-0 a6 12. Bxc6 Bxc6 13. Qc2 Bb5 14. a4 Bxe2 15. Qxe2 0-0 16. f4 f5 17. c4 Qd7 18. Ba3 Bxa3 19. Rxa3 Qc6 20. cxd5 Qxd5 21. Rd1 Rad8 22. a5 Rf7 23. Qc2 c6 24. Ra4 Re8 25. Rb1 Ree7 26. Qb3 Qxb3 27. Rxb3 Rc7 28. Kf2 Rfd7 29. Ke3 Kf7 30. Rab4 Ke6 31. Rb6 h6 32. h4 g6 33. Kd3 Rg7 34. Kc4 Rcd7 35. g3 Rge7 36. d5+ Rxd5 37. Rxb7 Rxa5 38. Rxe7+ Kxe7 39. Rb7+ Kf8 40. Rc7 g5 41. h5 gxf4 42. gxf4 Ra4+ 43. Kc5 Rxf4 44. e6 1-0

[Event "IECG CS.2006.0.00002 email"]
[Site "IECG email"]
[Date "2006.09.20"]
[Round "1"]
[White "Houtman, Joop"]
[Black "Pessoa, Francisco"]
[Result "0-1"]
[WhiteElo "2372"]
[BlackElo "2408"]
[PlyCount "118"]
[EventDate "2006.09.20"]
[EventType "tourn (corr)"]
[EventRounds "6"]
[SourceTitle "Corr 2024"]
[Source "ChessBase"]
[SourceDate "2023.10.19"]
[SourceVersion "1"]
[SourceVersionDate "2023.10.19"]
[SourceQuality "1"]

1. e4 c5 2. c3 d6 3. d4 Nf6 4. Bd3 g6 5. dxc5 dxc5 6. e5 Nh5 7. Qe2 Nc6 8. h3 Ng7 9. Na3 Nxe5 10. Bb5+ Nd7 11. Nc4 Ne6 12. Nf3 a6 13. Bxd7+ Bxd7 14. Nfe5 Bc8 15. Qf3 f6 16. 0-0 Ra7 17. a4 Bg7 18. Nd3 b6 19. Rd1 Rd7 20. Qc6 Kf7 21. Qf3 Kf8 22. b3 f5 23. Bb2 Qc7 24. Qe3 Rd5 25. a5 bxa5 26. Qf3 Rd8 27. Qe3 Bf6 28. Rxa5 f4 29. Qe4 Kg7 30. Raa1 Qb7 31. Qxb7 Bxb7 32. f3 Rb8 33. Nde5 Bc8 34. Ra3 Rd8 35. Rxd8 Nxd8 36. Nd3 Ne6 37. Kf1 Bb7 38. Nd2 Rd8 39. Ke2 Bc6 40. Ra5 Kf7 41. Ne4 Bxe4 42. fxe4 Rb8 43. Ra3 Rb6 44. Kf3 Rd6 45. Nxf4 Nxf4 46. Kxf4 Rd2 47. e5 Bg5+ 48. Kxg5 Rxg2+ 49. Kf4 Rxb2 50. Ke4 h5 51. Kd5 h4 52. Kxc5 Rh2 53. Rxa6 Rxh3 54. Kd4 g5 55. Ke4 g4 56. Kf5 g3 57. e6+ Kg7 58. Ra4 Rh2 59. Rg4+ Kh6 0-1

[Event "IECG CS.2006.0.00002 email"]
[Site "IECG email"]
[Date "2006.09.20"]
[Round "?"]
[White "Ingersol, Harry"]
[Black "Houtman, Joop"]
[Result "1-0"]
[WhiteElo "2392"]
[BlackElo "2372"]
[PlyCount "109"]
[EventDate "2006.09.20"]
[EventType "tourn (corr)"]
[EventRounds "6"]
[SourceTitle "Corr 2024"]
[Source "ChessBase"]
[SourceDate "2023.10.19"]
[SourceVersion "1"]
[SourceVersionDate "2023.10.19"]
[SourceQuality "1"]

1. d4 Nf6 2. Bg5 Ne4 3. Bf4 c5 4. f3 Qa5+ 5. c3 Nf6 6. d5 d6 7. e4 Nbd7 8. Nh3 g6 9. Be2 Bg7 10. Nd2 0-0 11. a4 Ne5 12. Nf2 e6 13. Bxe5 dxe5 14. Nc4 Qd8 15. d6 Nd7 16. h4 h6 17. h5 g5 18. Ng4 b6 19. 0-0 Bb7 20. Qb3 Bc6 21. Rfd1 a6 22. Nce3 Qb8 23. Ra3 Qb7 24. Nc4 Kh8 25. Qc2 f5 26. Nf2 fxe4 27. Nxe4 g4 28. Ncd2 Rf4 29. c4 Nf6 30. Re3 Rg8 31. Re1 Qd7 32. fxg4 Nxg4 33. Bxg4 Rxg4 34. Qc3 Bxa4 35. Rg3 Rf4 36. b4 cxb4 37. Qxb4 Qc6 38. Qc3 Qb7 39. Rg6 Bc6 40. Qe3 Rgf8 41. Re2 a5 42. c5 b5 43. g3 R4f5 44. g4 Rf4 45. g5 Rg4+ 46. Rg2 Rff4 47. Rxg4 Rxg4+ 48. Kf2 hxg5 49. Nxg5 Be8 50. Qh3 Rxg5 51. Rxg5 Qf7+ 52. Qf3 Qf4 53. Ne4 Bc6 54. Rg4 Qf5 55. d7 1-0

[Event "Groningen op-A"]
[Site "Groningen"]
[Date "2004.12.30"]
[Round "9"]
[White "Houtman, Joop"]
[Black "Sparenberg, Erik"]
[Result "1-0"]
[WhiteElo "2225"]
[BlackElo "2037"]
[PlyCount "101"]
[EventDate "2004.12.21"]
[EventType "swiss"]
[EventRounds "9"]
[EventCountry "NED"]
[SourceTitle "CBM 104 Extra"]
[Source "ChessBase"]
[SourceDate "2005.03.01"]
[SourceVersion "1"]
[SourceVersionDate "2005.03.01"]
[SourceQuality "1"]

1. e4 c5 2. Nf3 d6 3. d4 cxd4 4. Nxd4 Nf6 5. Nc3 a6 6. Be3 Ng4 7. Bc1 Nc6 8. h3 Nf6 9. g4 e6 10. Bg2 Be7 11. Be3 0-0 12. Qe2 Qc7 13. f4 Nd7 14. 0-0-0 Nxd4 15. Bxd4 b5 16. e5 d5 17. Qe3 Bb7 18. Kb1 Rfc8 19. Rc1 b4 20. Ne2 a5 21. f5 a4 22. Nf4 Ra6 23. Bf1 Rc6 24. Bb5 Rxc2 25. Bxa4 Rxc1+ 26. Rxc1 Qxc1+ 27. Qxc1 Rxc1+ 28. Kxc1 Nc5 29. Bb5 Bg5 30. Bxc5 Bxf4+ 31. Kc2 exf5 32. gxf5 Bxe5 33. Bxb4 Bc8 34. Bd3 g6 35. fxg6 hxg6 36. h4 Bg3 37. Be7 Kg7 38. a4 f6 39. a5 Bxh4 40. b4 Be1 41. a6 f5 42. Bc5 f4 43. b5 Ba5 44. b6 Bxb6 45. Bxb6 Kh6 46. Kc3 g5 47. Kd4 g4 48. a7 Bd7 49. Ke5 f3 50. Bf2 Kg5 51. Bc2 1-0

[Event "Groningen op-A"]
[Site "Groningen"]
[Date "2004.12.29"]
[Round "8"]
[White "Kamstra, Jippe"]
[Black "Houtman, Joop"]
[Result "0-1"]
[WhiteElo "2157"]
[BlackElo "2225"]
[PlyCount "76"]
[EventDate "2004.12.21"]
[EventType "swiss"]
[EventRounds "9"]
[EventCountry "NED"]
[SourceTitle "CBM 104 Extra"]
[Source "ChessBase"]
[SourceDate "2005.03.01"]
[SourceVersion "1"]
[SourceVersionDate "2005.03.01"]
[SourceQuality "1"]

1. e4 e5 2. Nf3 Nc6 3. Bb5 a6 4. Ba4 Nf6 5. 0-0 Be7 6. Re1 b5 7. Bb3 d6 8. c3 0-0 9. h3 Bb7 10. d4 Re8 11. Nbd2 Bf8 12. d5 Nb8 13. Nf1 Nbd7 14. Ng3 Nc5 15. Bc2 c6 16. b4 Ncd7 17. Bb3 cxd5 18. Bg5 dxe4 19. Nxe4 h6 20. Nxf6+ Nxf6 21. Bxf6 Qxf6 22. Nh2 Rac8 23. Re3 Rc7 24. Rg3 Rec8 25. Qh5 Kh8 26. Rc1 g6 27. Qd1 Qf4 28. Rg4 Qf5 29. Qd2 d5 30. Rh4 Kg8 31. Rg4 h5 32. Bc2 Qf6 33. Rg3 e4 34. Bb3 Bg7 35. Bxd5 Rd8 36. Rxg6 Rxd5 37. Rxf6 Rxd2 38. Rf5 Rxc3 0-1

[Event "Groningen op-A"]
[Site "Groningen"]
[Date "2004.12.24"]
[Round "4"]
[White "Houtman, Joop"]
[Black "De Jong, Migchiel"]
[Result "1/2-1/2"]
[WhiteElo "2225"]
[BlackElo "2319"]
[PlyCount "56"]
[EventDate "2004.12.21"]
[EventType "swiss"]
[EventRounds "9"]
[EventCountry "NED"]
[SourceTitle "CBM 104 Extra"]
[Source "ChessBase"]
[SourceDate "2005.03.01"]
[SourceVersion "1"]
[SourceVersionDate "2005.03.01"]
[SourceQuality "1"]

1. e4 e6 2. d4 d5 3. Nd2 c5 4. exd5 Qxd5 5. Ngf3 cxd4 6. Bc4 Qd6 7. 0-0 Nf6 8. Nb3 Nc6 9. Nbxd4 Nxd4 10. Nxd4 a6 11. Bb3 Qc7 12. Qf3 Bd6 13. Kh1 Be5 14. c3 Bd7 15. Be3 h5 16. Qh3 Bf4 17. Bxf4 Qxf4 18. Qg3 Qxg3 19. hxg3 h4 20. gxh4 Rxh4+ 21. Kg1 0-0-0 22. f3 Rdh8 23. Kf2 g5 24. Rae1 Rh2 25. Re5 g4 26. Rg5 gxf3 27. Kxf3 Be8 28. Ke3 R8h5 1/2-1/2

[Event "Groningen op-A"]
[Site "Groningen"]
[Date "2004.12.23"]
[Round "3"]
[White "Cako, Laszlo"]
[Black "Houtman, Joop"]
[Result "1/2-1/2"]
[WhiteElo "2137"]
[BlackElo "2225"]
[PlyCount "97"]
[EventDate "2004.12.21"]
[EventType "swiss"]
[EventRounds "9"]
[EventCountry "NED"]
[SourceTitle "CBM 104 Extra"]
[Source "ChessBase"]
[SourceDate "2005.03.01"]
[SourceVersion "1"]
[SourceVersionDate "2005.03.01"]
[SourceQuality "1"]

1. e4 e5 2. Nf3 Nc6 3. Bb5 a6 4. Ba4 Nf6 5. d4 exd4 6. 0-0 Be7 7. Re1 b5 8. e5 Nxe5 9. Nxe5 bxa4 10. Qxd4 0-0 11. Bg5 Rb8 12. Nd2 Rb6 13. Ndc4 Re6 14. Na5 c5 15. Qxa4 Qb6 16. Nec4 Qb4 17. Qxb4 cxb4 18. Rad1 h6 19. Bh4 g5 20. Bg3 d5 21. Ne3 Bc5 22. Nb3 Ba7 23. Nd4 Re4 24. Nef5 Kh7 25. Rxe4 Nxe4 26. Nd6 Bd7 27. Nxe4 dxe4 28. Nb3 Be6 29. Be5 Rc8 30. c3 bxc3 31. Bxc3 e3 32. fxe3 Bxe3+ 33. Kh1 Kg6 34. h3 Rc6 35. Rd3 Bb6 36. Rd2 Be3 37. Re2 Bxb3 38. Rxe3 Bxa2 39. Kg1 f5 40. Rd3 f4 41. Kf2 Kf5 42. Rd8 h5 43. Rf8+ Kg6 44. Rd8 g4 45. Rf8 Bf7 46. Rd8 Kf5 47. Rf8 Rc7 48. hxg4+ Kxg4 49. Rd8 1/2-1/2

[Event "IECG WC.2005.T.00005 email"]
[Site "IECG email"]
[Date "2004.12.15"]
[Round "?"]
[White "Houtman, Joop"]
[Black "Fiala, Jaroslav"]
[Result "0-1"]
[WhiteElo "2399"]
[BlackElo "2385"]
[PlyCount "40"]
[EventDate "2004.12.15"]
[EventType "tourn (corr)"]
[EventRounds "10"]
[SourceTitle "Corr 2008"]
[Source "ChessBase"]
[SourceDate "2008.06.24"]
[SourceVersion "1"]
[SourceVersionDate "2008.06.24"]
[SourceQuality "1"]

1. e4 c5 2. Nf3 Nc6 3. d4 cxd4 4. Nxd4 Nf6 5. Nc3 e5 6. Ndb5 d6 7. Bg5 a6 8. Na3 b5 9. Nd5 Be7 10. Bxf6 Bxf6 11. c3 Bg5 12. Nc2 0-0 13. a4 bxa4 14. Rxa4 a5 15. Bb5 Ne7 16. Nxe7+ Qxe7 17. Nb4 Bg4 18. Qa1 Bf4 19. Bc6 Qg5 20. Bxa8 Bc1 0-1

[Event "IECG WC.2006.S.00008 email"]
[Site "IECG email"]
[Date "2004.07.18"]
[Round "?"]
[White "Houtman, Joop"]
[Black "Scheuermann, Bernhard"]
[Result "0-1"]
[WhiteElo "2325"]
[BlackElo "2315"]
[PlyCount "94"]
[EventDate "2004.07.18"]
[EventType "tourn (corr)"]
[EventRounds "10"]
[SourceTitle "Corr 2008"]
[Source "ChessBase"]
[SourceDate "2008.06.24"]
[SourceVersion "1"]
[SourceVersionDate "2008.06.24"]
[SourceQuality "1"]

1. e4 c5 2. Nf3 d6 3. d4 cxd4 4. Nxd4 Nf6 5. Nc3 a6 6. Be3 e6 7. f3 b5 8. g4 Nfd7 9. Qd2 Nb6 10. 0-0-0 N8d7 11. Bg5 Qc7 12. Kb1 Bb7 13. Ndxb5 axb5 14. Nxb5 Qc6 15. Nxd6+ Bxd6 16. Qxd6 Qxd6 17. Rxd6 Nc8 18. Rd2 Ne7 19. Be2 h5 20. Rhd1 Bc6 21. h3 hxg4 22. hxg4 Ne5 23. b4 Rb8 24. a3 f6 25. Bf4 N7g6 26. Bxe5 Nxe5 27. Rd6 Rh2 28. Rxe6+ Kf8 29. Re1 Ba4 30. Ra6 Bxc2+ 31. Kxc2 Nxf3 32. Rf1 Nd4+ 33. Kd3 Nxe2 34. e5 Ng3 35. Rf3 Rd8+ 36. Ke3 Rh3 37. Rd6 Rxd6 38. exd6 Nf1+ 39. Ke2 Rxf3 40. Kxf3 Nd2+ 41. Ke3 Nc4+ 42. Kd4 Nxd6 43. Kc5 Ke7 44. a4 Kd7 45. b5 Ne4+ 46. Kb6 Nc3 47. a5 Kd6 0-1

[Event "IECG WC.2006.S.00008 email"]
[Site "IECG email"]
[Date "2004.07.18"]
[Round "?"]
[White "Miraglia, Jorge"]
[Black "Houtman, Joop"]
[Result "0-1"]
[WhiteElo "2236"]
[BlackElo "2325"]
[PlyCount "63"]
[EventDate "2004.07.18"]
[EventType "tourn (corr)"]
[EventRounds "10"]
[SourceTitle "Corr 2008"]
[Source "ChessBase"]
[SourceDate "2008.06.24"]
[SourceVersion "1"]
[SourceVersionDate "2008.06.24"]
[SourceQuality "1"]

1. e4 e5 2. Bc4 Nf6 3. d4 exd4 4. Nf3 Nc6 5. e5 d5 6. Bb5 Ne4 7. Nxd4 Bd7 8. Bxc6 bxc6 9. 0-0 Bc5 10. f3 Ng5 11. Kh1 0-0 12. Nb3 Bb6 13. a4 a5 14. Na3 Ne6 15. f4 f5 16. c3 Bc8 17. Rf3 c5 18. Rh3 h6 19. Rg3 Bb7 20. Nb5 Qe8 21. Be3 Rd8 22. Qg1 Ba6 23. Nxc5 Bxc5 24. Bxc5 Rf7 25. Rg6 Bxb5 26. Rxe6 Qxe6 27. axb5 Ra8 28. Qd1 g5 29. Be3 gxf4 30. Bxf4 c6 31. bxc6 Qxc6 32. Qf3 0-1

[Event "IECG WC.2006.S.00008 email"]
[Site "IECG email"]
[Date "2004.07.18"]
[Round "?"]
[White "Ojeda, Jose Luis"]
[Black "Houtman, Joop"]
[Result "0-1"]
[WhiteElo "2099"]
[BlackElo "2325"]
[PlyCount "98"]
[EventDate "2004.07.18"]
[EventType "tourn (corr)"]
[EventRounds "10"]
[SourceTitle "Corr 2008"]
[Source "ChessBase"]
[SourceDate "2008.06.24"]
[SourceVersion "1"]
[SourceVersionDate "2008.06.24"]
[SourceQuality "1"]

1. d4 Nf6 2. c4 e6 3. Nc3 Bb4 4. f3 c5 5. d5 d6 6. e4 0-0 7. Nge2 Re8 8. Bd2 exd5 9. cxd5 Nbd7 10. Ng3 Ne5 11. Be2 c4 12. 0-0 Bd7 13. Kh1 Rc8 14. Bg5 h6 15. Be3 Qa5 16. Bd4 Bc5 17. Bxe5 dxe5 18. Bxc4 Bd4 19. Bb3 Bxc3 20. bxc3 Qxc3 21. Qe1 Qxe1 22. Rfxe1 a5 23. Rec1 b5 24. Kg1 Red8 25. Kf2 Ne8 26. Nf1 Nd6 27. Ne3 Kf8 28. Ke2 Ke7 29. Rab1 f5 30. Bc2 f4 31. Nd1 g5 32. h3 Nc4 33. Bd3 Na3 34. Ra1 Kd6 35. Nb2 h5 36. Ke1 g4 37. hxg4 hxg4 38. Kd2 Rh8 39. Rxc8 Bxc8 40. Rc1 Bd7 41. Kc3 Rc8+ 42. Kd2 Rxc1 43. Kxc1 g3 44. Kd2 Kc5 45. Kc3 b4+ 46. Kd2 Kd4 47. Bf1 Nb1+ 48. Kc2 Nc3 49. Nc4 Nxa2 0-1

[Event "CFriend SH-2004-0-00020 email"]
[Site "Chessfriend.com"]
[Date "2004.05.08"]
[Round "?"]
[White "Benko, Bostjan"]
[Black "Houtman, Joop"]
[Result "1/2-1/2"]
[WhiteElo "2192"]
[BlackElo "2325"]
[PlyCount "56"]
[EventDate "2004.05.08"]
[EventType "tourn (corr)"]
[EventRounds "9"]
[SourceTitle "Corr 2008"]
[Source "ChessBase"]
[SourceDate "2008.06.24"]
[SourceVersion "1"]
[SourceVersionDate "2008.06.24"]
[SourceQuality "1"]

1. e4 e5 2. Nf3 Nc6 3. Bc4 Bc5 4. b4 Bxb4 5. c3 Ba5 6. d4 d6 7. dxe5 dxe5 8. Qxd8+ Nxd8 9. Nxe5 Nf6 10. f3 Be6 11. Be3 Nd7 12. Bxe6 Nxe6 13. Nc4 Bb6 14. Nba3 0-0-0 15. 0-0-0 Bxe3+ 16. Nxe3 Ne5 17. Kc2 Rxd1 18. Rxd1 Rd8 19. Rxd8+ Kxd8 20. Nac4 Nxc4 21. Nxc4 Kd7 22. Ne3 Nc5 23. Kd2 h5 24. h4 g6 25. Nc2 Kd6 26. Nd4 a6 27. Ke3 Na4 28. Ne2 Ke5 1/2-1/2

[Event "IECG CM.2004.0.00241 email"]
[Site "IECG email"]
[Date "2004.03.07"]
[Round "?"]
[White "Rahde, Frank"]
[Black "Houtman, Joop"]
[Result "0-1"]
[WhiteElo "2134"]
[BlackElo "2317"]
[PlyCount "86"]
[EventDate "2004.03.07"]
[EventType "tourn (corr)"]
[EventRounds "6"]
[SourceTitle "Corr 2008"]
[Source "ChessBase"]
[SourceDate "2008.06.24"]
[SourceVersion "1"]
[SourceVersionDate "2008.06.24"]
[SourceQuality "1"]

1. e4 e5 2. Nf3 Nc6 3. Bb5 a6 4. Ba4 Nf6 5. 0-0 Be7 6. Re1 b5 7. Bb3 0-0 8. a4 b4 9. a5 d6 10. d3 Be6 11. Nbd2 Qc8 12. Bc4 Re8 13. c3 Rb8 14. Qa4 Bxc4 15. Nxc4 Qb7 16. Bd2 Qb5 17. Ne3 Qxa4 18. Rxa4 bxc3 19. Bxc3 Na7 20. b4 Nb5 21. Bd2 Rbd8 22. Nd5 Nxd5 23. exd5 f5 24. Raa1 c6 25. dxc6 Rc8 26. Kf1 Rxc6 27. Rac1 Rec8 28. Rxc6 Rxc6 29. Rc1 Rxc1+ 30. Bxc1 e4 31. Bg5 Bf8 32. Ne1 d5 33. Bd2 d4 34. Ke2 Kf7 35. Kd1 Ke6 36. Ke2 Bd6 37. g3 Na7 38. h4 Nc6 39. Nc2 Kd5 40. f4 g6 41. Be1 h6 42. Bd2 g5 43. h5 e3 0-1

[Event "IECG CM.2004.0.00241 email"]
[Site "IECG email"]
[Date "2004.03.07"]
[Round "?"]
[White "White, Kevin"]
[Black "Houtman, Joop"]
[Result "1/2-1/2"]
[WhiteElo "2291"]
[BlackElo "2317"]
[PlyCount "62"]
[EventDate "2004.03.07"]
[EventType "tourn (corr)"]
[EventRounds "6"]
[SourceTitle "Corr 2008"]
[Source "ChessBase"]
[SourceDate "2008.06.24"]
[SourceVersion "1"]
[SourceVersionDate "2008.06.24"]
[SourceQuality "1"]

1. e4 e5 2. Nf3 Nc6 3. Bb5 a6 4. Ba4 Nf6 5. 0-0 Be7 6. Re1 b5 7. Bb3 0-0 8. c3 d6 9. h3 Bb7 10. d4 Re8 11. Nbd2 Bf8 12. d5 Nb8 13. Nf1 Nbd7 14. N3h2 Nc5 15. Bc2 c6 16. b4 Ncd7 17. dxc6 Bxc6 18. Ng4 Nxg4 19. hxg4 Nb6 20. Qf3 d5 21. exd5 Bxd5 22. Qh3 g6 23. Bb3 Qd7 24. Ng3 Qc6 25. Bxd5 Nxd5 26. Ne4 Bg7 27. Bh6 Nf6 28. Bxg7 Nxe4 29. Qf3 Kxg7 30. Rxe4 Rac8 31. Rc1 Qf6 1/2-1/2